La infancia rota : (Registro nro. 11340)

Detalles MARC
000 -LIDER
fixed length control field 01117nam a22003137a 4500
001 - NÚMERO DE CONTROL
Identificador de número de control 000477
003 - IDENTIFICACDOR DE NÚMERO DE CONTROL
control field DO-SdBNP
005 - DATE AND TIME OF LATEST TRANSACTION
control field 20230523113930.0
007 - CAMPOS FIJOS DE DESCRIPCIÓN FÍSICA
fixed length control field 000477
008 - ELEMENTOS DE LONGITUD FIJA
fixed length control field 160906b 2006 ck 00| 0 spa d
020 ## - ISBN
International Standard Book Number 9789580497516
040 ## - FUENTE DE CATALOGACIÓN
Agencia que crea de manera original el registro BPMSU
Idioma de catalogación spa
Agencia que realiza la transcripción BPMSU
082 #4 - NÚMERO DE CLASIFICACIÓN DECIMAL DE DEWEY
Classification number 362.76
Item number C961i 2006
Edition number 22
100 1# - ASIENTO PRINCIPAL -- NOMBRE PERSONAL
Nombre personal Cuadros Ferré, Isabel
245 13 - MENCIÓN DE TITULO
Título La infancia rota :
Subtítulo testimonios y guías para descubrir y tratar el abuso sexual infantil /
Mención de responsabilidad Isabel Cuadros Ferré, Martha Ordóñez Vera.
260 ## - PUBLICACIÓN, DISTRIBUCIÓN, ETC. (PIE DE IMPRENTA)
Lugar de publicación, distribución, etc Bogotá, Colombia :
Nombre del editor, distribuidor, etc. Grupo Editorial Norma,
Fecha de publicación, distribución, etc 2006.
300 ## - DESCRIPCIÓN FÍSICA
Extensión 177 p. ;
Dimensiones 21 cm.
500 ## - NOTA GENERAL
Nota general Incluye datos biográficos de las autoras en las solapas.
504 ## - NOTA DE BIBLIOGRAFÍA, ETC.
Bibliography, etc Bibliografía : p. 175-177
590 ## - NOTA LOCAL
Enlace Inventariado, 2023/VM
650 #4 - ENCABEZAMIENTO DE MATERIA--TEMÁTICO
Término temático o nombre geográfico como elemento de entrada Abuso del niño
Subdivisión temática general Aspectos psicológicos.
650 #4 - ENCABEZAMIENTO DE MATERIA--TEMÁTICO
Término temático o nombre geográfico como elemento de entrada Abuso sexual de menores
Subdivisión temática general Aspectos psicológicos
650 #4 - ENCABEZAMIENTO DE MATERIA--TEMÁTICO
Término temático o nombre geográfico como elemento de entrada Niños maltratados sexualmente
Subdivisión temática general Testimonio
700 1# - ASIENTO SECUNDARIO -- NOMBRE PERSONAL
Nombre personal Ordóñez Vera, Martha
Calificativo de atribución
700 1# - ASIENTO SECUNDARIO -- NOMBRE PERSONAL
Nombre personal García Calvo, Natalia,
Mención de responsabilidad ed.
910 ## - VALIDACIÓN
Validación LOPEREZ/ VMateo V. Control de calidad (BPMSU)
942 ## - ADDED ENTRY ELEMENTS (KOHA)
Source of classification or shelving scheme Dewey Decimal Classification
Koha item type Libros
945 ## - INFORMACIÓN DE PROCESAMIENTO LOCAL
Información de procesamiento local
Existencias
Withdrawn status Lost status Source of classification or shelving scheme Damaged status Not for loan Collection code Home library Current library Date acquired Source of acquisition Full call number Barcode Date last seen Price effective from Koha item type
    Dewey Decimal Classification     Colección General Biblioteca Pública Metropolitana Salomé Ureña Biblioteca Pública Metropolitana Salomé Ureña 09/06/2016 FUNDI BPMSU CG 362.76 C961i 2006 BPMSU16090210 09/06/2016 09/06/2016 Libros